| 000 | 00646nam a2200205 a 4500 | ||
|---|---|---|---|
| 001 | 000033996 | ||
| 003 | OSt | ||
| 005 | 20201012140001.0 | ||
| 008 | 110324s1992 dr a 000 0 spa d | ||
| 040 |
_aDO-SdBNP _bspa _cBNPHU |
||
| 100 | 1 |
_aCoiscou Weber, Rodolfo _919739 |
|
| 245 | 1 | 0 |
_aHistoria de la cultura dominicana / _cRodolfo Coiscou Weber. |
| 250 | _a2a ed. | ||
| 260 |
_aSanto Domingo : _bImprenta Héctor Blanco Weber, _c1992. |
||
| 300 |
_av. _bil. ; _c17 cm. |
||
| 490 | 1 |
_aAntología de nuestra voz _v6 |
|
| 505 |
_gv. 1 _tDesde sus orígenes hasta el siglo XIX. |
||
| 830 | 0 |
_aAntología de nuestra voz, 6 _923130 |
|
| 942 |
_2ddc _cLF1 |
||
| 999 |
_c33487 _d33487 |
||